000 00349cam a22000977a 4500
008 180718b2000 xxu||||| |||| 00| 0 eng d
100 _aMehta, Aasha Kapur
245 _aThe invisible workers: women's unrecognized contribution to the economy
_cby Aasha Kapur Mehta
260 _aNew Delhi
_bIndian Institute of Public Administration
_c2000
300 _a5p.
999 _c492439
_d492439